LEADER 02502nam 2200469z- 450 001 9910476931303321 005 20210210 035 $a(CKB)5470000000566913 035 $a(oapen)https://directory.doabooks.org/handle/20.500.12854/38353 035 $a(oapen)doab38353 035 $a(EXLCZ)995470000000566913 100 $a20202102d2020 |y 0 101 0 $ager 135 $aurmn|---annan 181 $ctxt$2rdacontent 182 $cc$2rdamedia 183 $acr$2rdacarrier 200 00$aMigration und Avantgarde 210 $aBerlin/Boston$cDe Gruyter$d2020 215 $a1 online resource (376 p.) 225 1 $amimesis 311 08$a9783110679458 311 08$a3110679450 330 $aThis volume is devoted to literature and the arts that were created in Paris from 1917-1962. The starting point is Vile?m Flusser's conviction that migration experience and cultural innovation should be closely linked. France became the world's second most important immigration country after the United States in the interwar period. Authors came to the French metropolis from Eastern Europe, after the strengthening of the fascists from Italy, after 1933 from Germany, after the Spanish Civil War and after the consolidation of the Estado Novo in Portugal. Artists from Latin America were also present in Paris, and the Congre?s international des e?crivains pour la de?fense de la culture in June 1935 made the city the centre of intellectual resistance to fascism. But writers from all over the world also migrated to France after the Second World War. In addition to almost all languages ??of Romania, the articles also take into account the Arabic, Hebrew, German, Russian and Polish literature. This comparative approach can reveal unusual perspectives, relationships and fault lines. 606 $aLiterary studies: c 1900 to c 2000$2bicssc 606 $aLiterary studies: general$2bicssc 606 $aLiterature: history and criticism$2bicssc 610 $aAvant-garde movements 610 $aDecoloniality 610 $aMigration 610 $aSurrealism 615 7$aLiterary studies: c 1900 to c 2000 615 7$aLiterary studies: general 615 7$aLiterature: history and criticism 700 $aBung$b Stephanie$4edt$01319541 702 $aZepp$b Susanne$4edt 702 $aBung$b Stephanie$4oth 702 $aZepp$b Susanne$4oth 906 $aBOOK 912 $a9910476931303321 996 $aMigration und Avantgarde$93033942 997 $aUNINA